Bệnh phổ biến ở lợn

Na minha lista:
Detalhes bibliográficos
Autor principal: Phạm, Sỹ Lăng
Formato: Livro
Idioma:Undetermined
Publicado em: Hà Nội Nông nghiệp 2004
Assuntos:
Tags: Adicionar Tag
Sem tags, seja o primeiro a adicionar uma tag!
Thư viện lưu trữ: Trung tâm Học liệu Trường Đại học Cần Thơ
LEADER 00622nam a2200205Ia 4500
001 CTU_98092
008 210402s9999 xx 000 0 und d
020 |c 11500 
082 |a 636.4089 
082 |b L116/T.1 
100 |a Phạm, Sỹ Lăng 
245 0 |a Bệnh phổ biến ở lợn 
245 0 |c Phạm Sỹ Lăng, Phan Địch Lân, Trương Văn Dung 
260 |a Hà Nội 
260 |b Nông nghiệp 
260 |c 2004 
650 |a Swine,Swine,Veterinary medicine 
650 |x Diseases,Epidemiology 
904 |i Tuyến 
980 |a Trung tâm Học liệu Trường Đại học Cần Thơ